| 000 | 00520nam a2200181Ia 4500 | ||
|---|---|---|---|
| 001 | 19561 | ||
| 005 | 20260306172702.0 | ||
| 008 | 260306t2008||||xx |||||||||||||| ||spa|| | ||
| 041 | _aESP | ||
| 082 |
_a340.4 _bS37 |
||
| 100 |
_aDe los Ríos Woolls, Gustavo [1953-...] _eAUT |
||
| 245 | 0 |
_aSeis temas de interés jurídico: _blibro-homenaje por los 25 años de Rey & de los Ríos - Abogados |
|
| 260 | _c2008 | ||
| 300 |
_a175 páginas : _c24 cm. |
||
| 650 | _aGEN | ||
| 654 | _aCDE | ||
| 942 |
_cLIB _dJUS _fJUS _2ddc _n |
||
| 999 |
_c19561 _d19561 |
||